| 000 | 00463nam a2200181Ia 4500 | ||
|---|---|---|---|
| 001 | 20017 | ||
| 005 | 20260306172735.0 | ||
| 008 | 260306t1983||||xx |||||||||||||| ||spa|| | ||
| 041 | _aESP | ||
| 082 |
_a342.21 _bD59 1983 |
||
| 100 |
_aNaciones Unidas _eAUT |
||
| 245 | 0 |
_aDerechos Humanos: _brecopilación de instrumentos institucionales |
|
| 260 | _c1983 | ||
| 300 |
_a161 pƔginas : _c29 cm. |
||
| 650 | _aGEN | ||
| 654 | _aCDE | ||
| 942 |
_cLIB _dJUS _fJUS _2ddc _n |
||
| 999 |
_c20017 _d20017 |
||